00666nam a2200205Ia 4500008004100000040001400041082002100055100002700076245005000103260003600153300001100189365002700200366000800227505002200235530003000257620005700287630005000344650001600394730005000410100315s9999 xx 000 0 und d cENGLISH  b10643 a658.8  a"Francis, Geoffery K " aModern Marketing Management : An Introduction aNew Delhi bS.CHAND  c1978  a151   eRupees d1 b35.00  f0  gVaibhav Gaikwad  bDonated By RBI Library   a"Modern Marketing Management, Marketing, RBI Book " aModern Marketing Management : An Introduction aMarketing  aModern Marketing Management : An Introduction